000 00508cam a22001814a 4500
020 _a0072467665 (alk. paper)
020 _a0071151443 (international : alk. paper)
040 _cDLC
082 0 0 _a658 HIL 2003 A053 Or.
100 1 _aBrealey, Richard A.
245 1 0 _aPrinciples of corporate finance /
250 _a7th ed.
260 _aBoston, Mass. :
_bMcGraw-Hill/Irwin,
_cc2003.
300 _axxv, 1071 p. :
_bill. ;
_c26 cm.
650 0 _aCorporations
700 1 _aMyers, Stewart C.
942 _cEK
999 _c15016
_d15016